Hello in Other Languages - Statistics

General Stats
  • This quiz has been taken 42 times
  • The average score is 58 of 81
Answer Stats
Question Tile Select % Correct
Amharic བདེ་མོ No
87%
Korean བདེ་མོ No
87%
Korean ሀሎ No
87%
Korean வணக்கம் No
87%
Korean မင်္ဂလာပါ No
87%
Korean مرحبًا No
87%
Korean جی آیاں نوں کہنا No
87%
Chinese ሀሎ No
87%
Chinese வணக்கம் No
87%
Chinese မင်္ဂလာပါ No
87%
Chinese مرحبًا No
87%
Chinese こんにちは No
87%
Chinese جی آیاں نوں کہنا No
87%
Arabic 你好 No
84%
Arabic வணக்கம் No
84%
Arabic မင်္ဂလာပါ No
84%
Arabic こんにちは No
84%
Arabic 환영 No
84%
Amharic 你好 No
84%
Amharic こんにちは No
84%
Korean 你好 No
84%
Arabic བདེ་མོ No
82%
Arabic ሀሎ No
82%
Amharic 환영 No
82%
Korean こんにちは No
82%
Burmese 你好 No
82%
Burmese こんにちは No
82%
Burmese جی آیاں نوں کہنا No
82%
Chinese བདེ་མོ No
82%
Amharic வணக்கம் No
79%
Korean 환영 Yes
79%
Burmese བདེ་མོ No
79%
Burmese ሀሎ No
79%
Burmese مرحبًا No
79%
Burmese 환영 No
79%
Punjabi 你好 No
79%
Punjabi こんにちは No
79%
Punjabi 환영 No
79%
Amharic မင်္ဂလာပါ No
76%
Punjabi བདེ་མོ No
76%
Chinese 你好 Yes
76%
Chinese 환영 No
76%
Amharic مرحبًا No
74%
Punjabi ሀሎ No
74%
Tamil مرحبًا No
68%
Tamil こんにちは No
68%
Tamil جی آیاں نوں کہنا No
68%
Amharic جی آیاں نوں کہنا No
68%
Japanese བདེ་མོ No
68%
Japanese ሀሎ No
68%
Japanese வணக்கம் No
68%
Japanese مرحبًا No
68%
Japanese جی آیاں نوں کہنا No
68%
Japanese 환영 No
68%
Arabic مرحبًا Yes
66%
Tamil 你好 No
66%
Tamil 환영 No
66%
Tamil မင်္ဂလာပါ No
63%
Japanese 你好 No
63%
Japanese မင်္ဂလာပါ No
63%
Punjabi မင်္ဂလာပါ No
63%
Punjabi مرحبًا No
63%
Amharic ሀሎ Yes
61%
Japanese こんにちは Yes
61%
Tamil བདེ་མོ No
58%
Tamil ሀሎ No
58%
Punjabi வணக்கம் No
58%
Tibetan 你好 No
55%
Tibetan こんにちは No
55%
Tibetan 환영 No
55%
Burmese வணக்கம் No
55%
Tibetan ሀሎ No
50%
Tibetan မင်္ဂလာပါ No
50%
Tibetan مرحبًا No
50%
Tibetan جی آیاں نوں کہنا No
50%
Burmese မင်္ဂလာပါ Yes
50%
Arabic جی آیاں نوں کہنا No
47%
Tibetan வணக்கம் No
45%
Tamil வணக்கம் Yes
37%
Tibetan བདེ་མོ Yes
24%
Punjabi جی آیاں نوں کہنا Yes
24%
No matching quizzes found
Score Distribution
Percent of People with Each Score
Percentile by Number Answered
Your Score History
You have not taken this quiz